Catálogo
 En Linea

Plan decenal de educación superior 2008-2018 : (Registro nro. 48031)

Detalles MARC
000 -CABECERA
campo de control de longitud fija 01688nam a2200205 a 4500
001 - NÚMERO DE CONTROL
campo de control 000048543
005 - FECHA Y HORA DE LA ÚLTIMA TRANSACCIÓN
campo de control 20250701121838.0
008 - DATOS DE LONGITUD FIJA--INFORMACIÓN GENERAL
campo de control de longitud fija 190329s2008 dr a 000 m spa d
020 ## - NÚMERO INTERNACIONAL ESTÁNDAR DEL LIBRO
Número Internacional Estándar del Libro 9789945406825
040 ## - FUENTE DE LA CATALOGACIÓN
Centro catalogador/agencia de origen DO-SdBNP
Lengua de catalogación spa
Centro/agencia transcriptor BNPHU
082 ## - NÚMERO DE LA CLASIFICACIÓN DECIMAL DEWEY
Número de clasificación xxxx
Número de documento/Ítem R426p
110 1# - ENTRADA PRINCIPAL--NOMBRE DE ENTIDAD CORPORATIVA
Nombre de entidad corporativa o nombre de jurisdicción como elemento de entrada República Dominicana.
Unidad subordinada Secretaría de Estado de Educación Superior, Ciencia y Tecnología
9 (RLIN) 18778
245 10 - MENCIÓN DE TÍTULO
Título Plan decenal de educación superior 2008-2018 :
Resto del título una educación superior de calidad, para el país que soñamos los dominicanos /
Mención de responsabilidad, etc. presentación Ligia Amada Melo de Cardona ; edición Luz Almánzar Rodríguez.
260 ## - PUBLICACIÓN, DISTRIBUCIÓN, ETC.
Lugar de publicación, distribución, etc. Santo Domingo :
Nombre del editor, distribuidor, etc. SEESCYT,
Fecha de publicación, distribución, etc. 2008.
300 ## - DESCRIPCIÓN FÍSICA
Extensión xxi, 562 p. ;
Dimensiones 27 cm.
505 0# - NOTA DE CONTENIDO CON FORMATO
Información miscelánea Presentación /
Mención de responsabilidad Ligia Amada Melo de Cardona --
Información miscelánea Introducción --
Título Área 1: Contexto: Un mundo de retos y desafíos positivos --
-- Programas estratégicos del Plan Decenal de Educación Superior 2008-2018 --
-- Área 2: Cualitativa: Fomentando la cultura de creación del conocimiento --
-- Área 3: Vinculando las instituciones de Educación Superior (IES) y el sector productivo --
-- Área 4: Cuantitativa: Fomentando la equidad y la ampliación de la cobertura en la Educación Superior --
-- Área 5: Mejoramiento y modernización de la Educación Superior --
-- Área 6: Asignando más recursos y mayor eficiencia en la Educación Superior --
-- Organización y gestión de la ejecución del Plan Decenal de Educación Superior 2008-2018 --
-- Evaluación, seguimiento y difusión del Plan Decenal de Educación Superior 2008-2018 --
Información miscelánea Anexos.
590 ## - NOTA LOCAL (RLIN)
Nota local Inventariado, 2019/LP
700 1# - PUNTO DE ACCESO ADICIONAL--NOMBRE DE PERSONA
Nombre de persona Melo de Cardona, Ligia Amada,
Término indicativo de función/relación present.
9 (RLIN) 27174
700 1# - PUNTO DE ACCESO ADICIONAL--NOMBRE DE PERSONA
Nombre de persona Almánzar Rodríguez, Luz,
Término indicativo de función/relación ed.
9 (RLIN) 56217
Existencias
Estado de retiro Estado de pérdida No para préstamo Código de colección Localización permanente Ubicación/localización actual Ubicación en estantería Fecha de adquisición Número de inventario Total de préstamos Signatura topográfica completa Código de barras Fecha visto por última vez Precio válido a partir de Tipo de ítem Koha
    Excluido de préstamo Patrimonio Dominicano Patrimonio Dominicano Patrimonio Dominicano Depósito 29.03.2019 LF1   xxxx R426p 48543-10 25.06.2020 25.06.2020 Libro y Folleto Colección Patrimonio Dominicano

Con tecnología Koha